| 000 | 00569nam a2200217Ia 4500 | ||
|---|---|---|---|
| 003 | OSt | ||
| 005 | 20260303100557.0 | ||
| 008 | 210210b1993 xxu||||| |||| 00| 0 eng d | ||
| 040 | _cAL | ||
| 041 | _aHindi | ||
| 082 | _a861/87 | ||
| 100 |
_aHARI (Viyogi) _d हरि (वियोगी) _9257337 |
||
| 245 |
_aSoor sukti sudha _bसूर सूक्ति सुधा |
||
| 260 |
_aLAhor _b- _c1993 |
||
| 650 |
_aSur _9257338 |
||
| 650 |
_asUkti _9257339 |
||
| 650 |
_asudha _9257340 |
||
| 690 |
_aHindi Poetry _9257341 |
||
| 906 | _a023108 | ||
| 942 |
_2ddc _cBK |
||
| 999 |
_c148010 _d148010 |
||